| 000 | 01356nam0a22003491 4500 | ||
|---|---|---|---|
| 001 | rc\2180584 | ||
| 005 | 20110826161959.8 | ||
| 035 | _a(NLR Aleph) 006537941 | ||
| 090 |
_a6605194 _c6605194 |
||
| 100 | _a20110826d1978 |||y0rusy50 ca | ||
| 101 | 0 | _arus | |
| 102 | _aRU | ||
| 105 | _aa z ||||| | ||
| 200 | 1 |
_aИсследование литейных процессов _eУчеб. пособие _f[Ю.Г. Ковалев, Л.В. Никулин, Т.Н. Липчин и др.] |
|
| 210 |
_aПермь _cППИ _d1978 |
||
| 215 |
_a80 с. _cил. _d21 |
||
| 300 | _aАвт. указаны на обороте тит. л. | ||
| 300 | _aВ надзаг.: Перм. гос. ун-т им. А.М. Горького, Перм. политехн. ин-т, Каф. литейн. пр-ва | ||
| 320 | _aБиблиогр. в конце разделов | ||
| 606 |
_aЛитейное производство _2psbo |
||
| 686 |
_aК615-1я73-1 _2rubbk |
||
| 701 | 1 |
_aНикулин _bЛ. В. |
|
| 701 | 1 |
_aЛипчин _bТ. Н. |
|
| 701 | 1 |
_aКовалев _bЮ. Г. _gЮрий Геннадьевич |
|
| 712 | 0 | 2 | _aПермский ун-т им. А.М. Горького |
| 801 | 0 |
_aRU _bNLR _gpsbo |
|
| 801 | 1 |
_aRU _bELAR _2rusmarc |
|
| 852 |
_aNLR _j79-4/7719 |
||
| 899 |
_aRuMoRGB _jB 79-7/848 |
||
| 899 |
_aRuMoRGB _jB 79-7/847 |
||
| 942 | _cBOOK | ||
| 980 | _aNB | ||